000 00901nam a2200253Ia 4500
003 OSt
005 20220923211037.0
006 a|||||r|||| 00| 0
007 ta
008 220922b |||||||| |||| 00| 0 hin d
020 _a8172012837 (hbk)
024 _a234,900
037 _cTextual
040 _aARTS
_cARTS
_bhin
041 _2hin
_ahin
082 _aO152,3N16,AM, 155N2
100 _aनागर, अमृत लाल; जावडेकर, उर्मिला, अनु.
_9157514
245 0 _aअमृत आणि विष
246 _aAmṛut āṇi viṣha
260 _aनई दिल्ली
_b साहित्य अकादमी
_c1992
300 _a519पृ.
_ccm.
942 _hO152,3N16,AM, 155N2
_cTEXL
_2CC
999 _c294405
_d294405